Регионална библиотека "Любен Каравелов" - Русе

Тайният ключ или приключенията на Тит и Ярмина (Запис номер 381473)

MARC детайли
000 -Лидер
Контролно поле с фиксирана дължина nam a22 a 4500
003 - Код на организацията, давaща контролен номер
Контролно поле BLK
005 - Дата и час на последна редакция
Контролно поле 20200930170752.0
008 - Елементи от данни с фиксирана дължина
fixed length control field 200811b bu ||||| |||| 00| 0 bu d
020 ## - Международен стандартен номер на книга ISBN
Международен стандартен номер на книга ISBN 9789540913131
040 ## - Източник на каталожния запис
Идентификатор на билиотеката - собственик на записа BLK
041 ## - Код за език
Код за езика на текст/звукозапис или на отделно заглавие Български
Код за езика КДБФ Български
080 ## - УДК
Текстов определител УДК Българска литература
УДК код - определител по УДК 821.163.2
УДК - код + определител 821.163.2-93
100 ## - Редна дума - Автор
R(LIN) 426422
Автор Лечева, Жени
Авторска отговорност първи автор
139 ## - Редно поле
Редна дума Лечева, Жени
Авторски знак Леч - Л 52
245 ## - Сведения за заглавието
Заглавие Тайният ключ или приключенията на Тит и Ярмина
Подзаглавни данни Роман за деца
Редно поле (дума) текст. и ил. Жени Лечева.
257 ## - Страна на издаване
Страна на създаване/издаване България
260 ## - Област на издателските данни
9 (RLIN) 209473
Място на издаване, разпространение и проч. София
Име на издателя, разпространителя и проч. Захарий Стоянов
Година на издаване 2018
300 ## - Физическа характеристика
Страници 124 с.
Илюстрации и др. с ил.
Размери/Мащаб 24 см
380 ## - Жанр
Жанр Детска худож. лит.
999 ## - СИСТЕМНИ КОНТРОЛНИ НОМЕРА
Koha biblionumber 381473
Koha biblioitemnumber 381473
942 ## - АРТИКУЛИ
Вид на библиотечния материал Книги
Скрит в OPAC Не
Периодичен библиозапис Да
Koha issues (borrowed), all copies 1
999 ## - СИСТЕМНИ КОНТРОЛНИ НОМЕРА
Koha biblioitemnumber 381473
Наличности
Код за отписване Код за изгубен артикул Източник на класификационната схема Код за повреда Коз за рестрикции Код за отдаване Артикулен № Име на библиотеката - собственик Име на библиотеката, в която се намира в момента Статус (Текущо местоположение) Дата на вписване в системата Местоположение - отдел Цена в лева Систематично азбучна сигнатура Баркод Цена в евро Служебен тип на артикула
  Не е изгубен Universal Decimal Classification Не е повреден без рестрикции заемане за дома 799094 Регионална библиотека "Любен Каравелов" Русе Регионална библиотека "Любен Каравелов" Русе Детски отдел 2020-09-16 Детски отдел 9.81 821.163.2-94/Л 52 Ж 120000846464 5.02 Книги
  Не е изгубен Universal Decimal Classification Не е повреден без рестрикции заемане за дома 799095 Регионална библиотека "Любен Каравелов" Русе Регионална библиотека "Любен Каравелов" Русе Детски отдел 2020-09-16 Детски отдел 9.81 821.163.2-94/Л 52 Ж 120000846463 5.02 Книги
  Не е изгубен Universal Decimal Classification Не е повреден без рестрикции заемане за дома 799096 Регионална библиотека "Любен Каравелов" Русе Регионална библиотека "Любен Каравелов" Русе Детски отдел 2020-09-16 Детски отдел 9.81 821.163.2-94/Л 52 Ж 120000846461 5.02 Книги
  Не е изгубен Universal Decimal Classification Не е повреден без рестрикции заемане за дома 799097 Регионална библиотека "Любен Каравелов" Русе Регионална библиотека "Любен Каравелов" Русе Детски отдел 2020-09-16 Детски отдел 9.81 821.163.2-94/Л 52 Ж 120000846462 5.02 Книги
  Не е изгубен Universal Decimal Classification Не е повреден без рестрикции заемане за дома 799098 Регионална библиотека "Любен Каравелов" Русе Регионална библиотека "Любен Каравелов" Русе Детски отдел 2020-09-16 Детски отдел 9.81 821.163.2-94/Л 52 Ж 120000846465 5.02 Книги
Vip Innovations Ltd, Rousse, Bulgaria 2025